000 00409nam a2200145 a 4500
001 000033666
005 20200930070427.0
008 110905s1950 dr 000 0 spa d
040 _aDO-SdBNP
_bspa
_cBNPHU
100 1 _aAmoina, José
_959132
245 1 0 _aYo fuí secretario de Trujillo /
_cJosé Amoina.
260 _aBuenos Aires :
_bEditora del Plata,
_c1950.
300 _a355 p. ;
_c23 cm.
049 _aBNPD
999 _c33157
_d33157